Vivere nell'antico Egitto : Deir el-Medina, il villaggio degli artefici delle tombe dei re /

محفوظ في:

المؤلف الرئيسي: Leospo, Enrica (مؤلف)

مؤلفون آخرون: Tosi, Mario.

التنسيق: كتاب

اللغة: French

منشور في: Firenze : Giunti, 1998.

سلاسل: Saggi Giunti.

الموضوعات:

الوسوم: إضافة وسم

لا توجد وسوم, كن أول من يضع وسما على هذه التسجيلة!

رقم الطلب: DT73 .D47 L467

LEADER 00974nam a22002657a 4500
003 OSt
005 20251207132412.0
008 251207t1998 it af g b 000 0 fre d
020 |a 8809212894 
040 |c ARCE Library 
043 |a f-ua---  |a f------  
050 1 4 |a DT73 .D47  |b L467 
100 1 |a Leospo, Enrica,  |e author  |9 34670 
245 1 0 |a Vivere nell'antico Egitto :   |b Deir el-Medina, il villaggio degli artefici delle tombe dei re /   |c Enrichetta Leospo, Mario Tosi.  
264 1 |a Firenze :   |b Giunti,   |c 1998.  
300 |a 143 pages, [8] color leaves of plates :   |b illustrations ;   |c 23 cm.  
490 0 |a Saggi Giunti. 
500 |a Contains bibliography, notes, glossary and name index. 
500 |a E. Leospo, director of the Soprintendenza per le antichità egizie, Turin. 
504 |a Includes bibliographical references.  
651 0 |a Dayr al-Madīnah Site (Egypt)  
700 1 |a Tosi, Mario.  |9 41208 
901 |a reviewed 
942 |c BK  |2 lcc 
999 |c 27897  |d 27897